| 000 | 01406cad a2200265 4500 | ||
|---|---|---|---|
| 001 | L158897 | ||
| 008 | 100215n2013 000 0 eng u | ||
| 020 | _a9781783210305 | ||
| 035 | _a(Sirsi) u158897 | ||
| 041 | _aeng | ||
| 100 | 1 | _aOlanrewaju, Abdul, Lateef | |
| 111 | 2 |
_aConstruction and Building Research Conference _cIIT Delhi, New Delhi _d10-12 September 2013 |
|
| 245 | 0 | 0 |
_aDelay factors in the Nigerian construction industry _h[electronic resource] |
| 260 |
_aLondon _bRICS _c2013 |
||
| 490 | 0 |
_aCOBRA _v2013 |
|
| 520 | _aA paper presented at the COBRA Conference in New Delhi on 10-12 September 2013. Reports a study on the delay issues in the construction industry in Nigeria. Focuses on identification of factors leading to construction delays in order to proffer workable solution. The study found that site location, overestimation of production and competency of consultants are the three most severe factors leading to delay in projects. It is recommended that inclusive methodology should be applied and experts need to educate the clients on the consequence of the clients? actions and reactions on the performance of the projects. | ||
| 650 | 2 | 4 | _aCONSTRUCTION AND BUILDING RESEARCH CONFERENCE (COBRA) |
| 650 | 2 | 4 | _aDELAY |
| 650 | 2 | 4 | _aCLAIMS |
| 650 | 2 | 4 | _aSYNERGY |
| 651 | 4 | _aNigeria | |
| 690 |
_aConstruction management _96230 |
||
| 700 | 1 | _aAnavhe, Paul | |
| 942 | _n0 | ||
| 999 |
_c115575 _d115575 |
||